[Event "LAT-chT"]
[Site "Riga"]
[Date "2017.11.18"]
[Round "3.3"]
[White "Jazdanovs, Aleksandrs"]
[Black "Starostits, Andris"]
[Result "0-1"]
[WhiteElo "2127"]
[BlackElo "2338"]
[PlyCount "56"]
[EventDate "2017.11.17"]
[EventType "team-swiss"]
[EventRounds "7"]
[EventCountry "LAT"]
[SourceTitle "CBM 181 Extra"]
[Source "ChessBase"]
[SourceDate "2017.12.12"]
[SourceVersion "1"]
[SourceVersionDate "2017.12.12"]
[SourceQuality "1"]
[WhiteTeam "Istra A/RSF"]
[BlackTeam "Daugava"]
[WhiteTeamCountry "LAT"]
[BlackTeamCountry "LAT"]

1. e4 c6 2. d4 d5 3. e5 Bf5 4. Nf3 e6 5. Be2 Bg6 6. 0-0 Nd7 7. c3 Ne7 8. b4 Nf5 9. a4 Be7 10. a5 0-0 11. g4 Nh4 12. Nxh4 Bxh4 13. f4 f6 14. Nd2 fxe5 15. dxe5 Be7 16. Nf3 c5 17. bxc5 Bxc5+ 18. Nd4 Rc8 19. Bd3 Bxd3 20. Qxd3 b6 21. Kh1 Qe7 22. Qb5 bxa5 23. Rxa5 Bxd4 24. cxd4 Rc2 25. g5 Qf7 26. Qb3 Rfc8 27. Be3 Qf5 28. Rf3 Qe4 0-1

[Event "Keres Memorial-B"]
[Site "Tallinn"]
[Date "2006.01.11"]
[Round "6"]
[White "Jonkman, Harmen"]
[Black "Starostits, Andris"]
[Result "1-0"]
[WhiteElo "2470"]
[BlackElo "2377"]
[PlyCount "87"]
[EventDate "2006.01.08"]
[EventType "tourn"]
[EventRounds "9"]
[EventCountry "EST"]
[EventCategory "6"]
[SourceTitle "CBM 110 Extra"]
[Source "ChessBase"]
[SourceDate "2006.03.10"]
[SourceVersion "2"]
[SourceVersionDate "2006.03.10"]
[SourceQuality "1"]

1. e4 c6 2. d4 d5 3. Nd2 dxe4 4. Nxe4 Bf5 5. Ng3 Bg6 6. h4 h6 7. Nf3 Nd7 8. h5 Bh7 9. Bd3 Bxd3 10. Qxd3 Ngf6 11. Bf4 e6 12. 0-0-0 Be7 13. Kb1 0-0 14. Ne4 Nxe4 15. Qxe4 Nf6 16. Qe2 Qd5 17. Ne5 Qe4 18. Qxe4 Nxe4 19. Rhe1 Nf6 20. g4 Rfd8 21. c4 Kf8 22. f3 Nd7 23. b3 Nxe5 24. dxe5 Rxd1+ 25. Rxd1 Rd8 26. Rxd8+ Bxd8 27. Be3 a6 28. Kc2 Be7 29. Kd3 Kg8 30. Ke4 Kf8 31. f4 Ke8 32. f5 Bf8 33. f6 g5 34. c5 Kd7 35. Kd3 Kc7 36. Kc4 Kb8 37. Bd2 Kc8 38. Ba5 Kd7 39. Bb6 Kc8 40. Kb4 Kd7 41. Ka4 Kc8 42. Kb4 Kb8 43. Ka5 Kc8 44. a3 1-0

[Event "Nogent le Retrou op"]
[Site "Nogent le Retrou "]
[Date "2005.03.26"]
[Round "3"]
[White "Starostits, Andris"]
[Black "Pytel, Krzysztof"]
[Result "0-1"]
[WhiteElo "2337"]
[BlackElo "2400"]
[PlyCount "78"]
[EventDate "2005.03.25"]
[EventType "swiss"]
[EventRounds "9"]
[EventCountry "FRA"]
[SourceTitle "EXT 2007"]
[Source "ChessBase"]
[SourceDate "2006.11.23"]
[SourceVersion "1"]
[SourceVersionDate "2006.11.23"]
[SourceQuality "1"]

1. d4 e6 2. c4 f5 3. Nf3 Nf6 4. g3 Be7 5. Bg2 0-0 6. 0-0 Ne4 7. Qc2 Bf6 8. Nc3 Nxc3 9. Qxc3 d6 10. b3 Qe7 11. Ba3 c5 12. Qd2 Nc6 13. e3 a5 14. Rab1 g5 15. d5 exd5 16. cxd5 Nd8 17. Bb2 Nf7 18. Bxf6 Qxf6 19. Ne1 Bd7 20. Nd3 b5 21. Rbc1 a4 22. f4 axb3 23. axb3 Ra3 24. fxg5 Nxg5 25. h4 Nf7 26. b4 c4 27. Nf4 Qe5 28. Rfe1 Rfa8 29. Rc2 Re8 30. Nh5 f4 31. Nxf4 Rxe3 32. Rxe3 Qxe3+ 33. Kh2 Ne5 34. Ne6 Qxd2 35. Rxd2 Nd3 36. Kh3 Nxb4 37. g4 c3 38. Rf2 c2 39. Nc7 Rf8 0-1

[Event "Riga op"]
[Site "Riga"]
[Date "2004.08.20"]
[Round "8"]
[White "Luckans, Arnolds"]
[Black "Starostits, Andris"]
[Result "1-0"]
[WhiteElo "2455"]
[BlackElo "2277"]
[PlyCount "125"]
[EventDate "2004.08.15"]
[EventType "swiss"]
[EventRounds "9"]
[EventCountry "LAT"]
[SourceTitle "CBM 101 Extra"]
[Source "ChessBase"]
[SourceDate "2004.09.01"]
[SourceVersion "2"]
[SourceVersionDate "2004.09.01"]
[SourceQuality "1"]

1. d4 d5 2. Nf3 Nf6 3. g3 c6 4. Bg2 Bf5 5. 0-0 e6 6. b3 h6 7. Bb2 Be7 8. c4 0-0 9. Nc3 Nbd7 10. Nd2 Qb6 11. h3 Rfd8 12. Qc1 Rac8 13. c5 Qc7 14. f4 b6 15. b4 a5 16. a3 axb4 17. axb4 bxc5 18. bxc5 Ra8 19. Na4 Ra7 20. Rf3 Ne4 21. Nxe4 Bxe4 22. Rfa3 Bxg2 23. Kxg2 Rda8 24. Qc2 Bd8 25. Bc1 Bf6 26. Bb2 Bd8 27. Bc3 Qb7 28. Rb1 Qc8 29. Rba1 Qb7 30. Rb3 Qc7 31. Rb4 Rb7 32. Rab1 Rxb4 33. Rxb4 Rb8 34. Nb2 Rxb4 35. Bxb4 Qa7 36. Nd3 Qa6 37. Be1 Bf6 38. e3 Bd8 39. g4 Nf6 40. Nb4 Qb5 41. Qd3 Qa4 42. Qa6 Ba5 43. Nxc6 Qc2+ 44. Bf2 Ne4 45. Qf1 Bd2 46. Qe2 Nc3 47. Nb4 Qb2 48. Qd3 Bxe3 49. Qxe3 Nd1 50. Qe1 Nxf2 51. Qxf2 Qxb4 52. Qc2 Qb7 53. c6 Qc7 54. f5 Kf8 55. Qc5+ Ke8 56. Kf3 Qe7 57. Qa5 Qd6 58. Qa8+ Ke7 59. Qa7+ Kf6 60. c7 Qc6 61. Qc5 Qa6 62. Ke3 Qc8 63. Qd6 1-0

[Event "Riga op"]
[Site "Riga"]
[Date "2004.08.17"]
[Round "5"]
[White "Starostits, Andris"]
[Black "Berzinsh, Roland"]
[Result "1-0"]
[WhiteElo "2277"]
[BlackElo "2455"]
[PlyCount "69"]
[EventDate "2004.08.15"]
[EventType "swiss"]
[EventRounds "9"]
[EventCountry "LAT"]
[SourceTitle "CBM 101 Extra"]
[Source "ChessBase"]
[SourceDate "2004.09.01"]
[SourceVersion "2"]
[SourceVersionDate "2004.09.01"]
[SourceQuality "1"]

1. d4 Nf6 2. c4 e6 3. Nf3 b6 4. a3 Ba6 5. Qc2 Bb7 6. Nc3 c5 7. e4 cxd4 8. Nxd4 Nc6 9. Nxc6 Bxc6 10. Be2 Qc7 11. Be3 Bc5 12. Bxc5 bxc5 13. 0-0 Qf4 14. f3 Rb8 15. Rab1 a5 16. Qc1 Qxc1 17. Rfxc1 g5 18. Bd3 d6 19. Bc2 Ke7 20. Kf2 Nd7 21. b3 Ne5 22. a4 h5 23. Rd1 h4 24. Nb5 h3 25. g4 Rbd8 26. Rd2 f5 27. gxf5 exf5 28. exf5 Rh4 29. Re1 Rf4 30. Nxd6 Rxf3+ 31. Kg1 Kf6 32. Rxe5 Kxe5 33. Nf7+ Kf4 34. Nxd8 Be4 35. Ne6+ 1-0

[Event "Niort op 1st"]
[Site "Niort"]
[Date "2004.07.09"]
[Round "7"]
[White "Starostits, Andris"]
[Black "Inkiov, Ventzislav"]
[Result "1-0"]
[WhiteElo "2277"]
[BlackElo "2502"]
[PlyCount "102"]
[EventDate "2004.07.05"]
[EventType "swiss"]
[EventRounds "7"]
[EventCountry "FRA"]
[SourceTitle "CBM 101 Extra"]
[Source "ChessBase"]
[SourceDate "2004.09.01"]
[SourceVersion "2"]
[SourceVersionDate "2004.09.01"]
[SourceQuality "1"]

1. d4 Nf6 2. c4 e6 3. Nf3 d5 4. g3 dxc4 5. Bg2 Nc6 6. Qa4 Bb4+ 7. Bd2 Nd5 8. Bxb4 Ndxb4 9. 0-0 Rb8 10. Nc3 Bd7 11. Qb5 Qe7 12. Qxc4 b5 13. Nxb5 Na5 14. Nxc7+ Kd8 15. Qc3 Rc8 16. a3 Rxc7 17. Qxb4 Nc6 18. Qxe7+ Kxe7 19. Rfd1 Na5 20. b4 Nb3 21. Rab1 Rc3 22. d5 exd5 23. Rxd5 Be6 24. Rd3 Rhc8 25. Rxc3 Rxc3 26. Ne5 Kd6 27. f4 f6 28. Rd1+ Kc7 29. Nd3 Rc2 30. e4 Ra2 31. f5 Bd7 32. Nf4 Rxa3 33. Nh5 Ra4 34. Nxg7 Rxb4 35. g4 h6 36. h4 Nc5 37. g5 hxg5 38. hxg5 fxg5 39. e5 Rg4 40. Kh2 Rf4 41. e6 Bb5 42. Rd5 Kb6 43. e7 Ba4 44. Kg3 a5 45. Rd6+ Kc7 46. Rh6 Ne4+ 47. Bxe4 Rxe4 48. f6 Re3+ 49. Kg4 Bd1+ 50. Kf5 Re1 51. f7 Rf1+ 1-0

[Event "Niort op 1st"]
[Site "Niort"]
[Date "2004.07.07"]
[Round "4"]
[White "Navrotescu, Catalin"]
[Black "Starostits, Andris"]
[Result "0-1"]
[WhiteElo "2403"]
[BlackElo "2277"]
[PlyCount "68"]
[EventDate "2004.07.05"]
[EventType "swiss"]
[EventRounds "7"]
[EventCountry "FRA"]
[SourceTitle "CBM 101 Extra"]
[Source "ChessBase"]
[SourceDate "2004.09.01"]
[SourceVersion "2"]
[SourceVersionDate "2004.09.01"]
[SourceQuality "1"]

1. d4 d5 2. c4 c6 3. Nf3 Nf6 4. Nc3 a6 5. c5 Bf5 6. Bf4 e6 7. Qb3 Qc8 8. e3 Be7 9. Be2 Nbd7 10. h3 h6 11. Qd1 0-0 12. b4 Bd8 13. g4 Ne4 14. Rc1 Nxc3 15. Rxc3 Be4 16. Rg1 Bc7 17. g5 h5 18. Ne5 Nxe5 19. Bxe5 Bxe5 20. dxe5 Qc7 21. Qd4 Bg6 22. f4 Rfb8 23. Kf2 b5 24. cxb6 Qxb6 25. a3 a5 26. bxa5 Rxa5 27. Rgc1 Qb2 28. Rxc6 Rxa3 29. Rc8+ Kh7 30. f5 Bxf5 31. Rxb8 Qxc1 32. Bxh5 Ra2+ 33. Be2 Be4 34. g6+ Kxg6 0-1

[Event "Internet Section 10A g/8'+2\""]
[Site "Dos Hermanas"]
[Date "2004.03.10"]
[Round "2"]
[White "Sasikiran, Krishnan"]
[Black "Starostits, Andris"]
[Result "1-0"]
[WhiteElo "2679"]
[BlackElo "2277"]
[PlyCount "67"]
[EventDate "2004.03.10"]
[EventType "swiss (blitz)"]
[EventRounds "9"]
[EventCountry "ESP"]
[SourceTitle "EXT 2005"]
[Source "ChessBase"]
[SourceDate "2004.11.15"]
[SourceVersion "1"]
[SourceVersionDate "2004.11.15"]
[SourceQuality "1"]

1. d4 d5 2. c4 c6 3. Nf3 Nf6 4. Nc3 a6 5. e3 Bg4 6. h3 Bh5 7. g4 Bg6 8. Ne5 Nbd7 9. Nxg6 hxg6 10. g5 Ng8 11. cxd5 cxd5 12. Nxd5 e6 13. Nc3 Qxg5 14. Bd2 Ngf6 15. Qf3 Be7 16. 0-0-0 0-0 17. h4 Qa5 18. Kb1 Qb6 19. Bd3 Rfc8 20. Rc1 Qd6 21. Ne4 Qd5 22. Ng5 Qxf3 23. Nxf3 Nb6 24. e4 Ng4 25. Rcf1 Nf6 26. e5 Nh5 27. Be4 Nd5 28. Rc1 b6 29. a3 Kf8 30. Bd3 b5 31. Be4 Ke8 32. Ng5 Rab8 33. Nxe6 Nhf4 34. Nxf4 1-0